Sports - Statistics

General Stats
  • This quiz has been taken 11 times
    10 since last reset
  • The average score is 3 of 16
Answer Stats
Hint Answer % Correct
Vegetable Squash
80%
Uses a ball Sepak Takraw
20%
Racket game Squash
20%
Bouncy ball Squash
20%
Ball has yellow Squash
20%
Sport Squash
20%
Two players Squash
20%
Use as a verb Squash
20%
Flattened Squash
20%
Crushed Squash
20%
Squeeze Squash
20%
Sudden fall of a heavy or soft body upon the ground Squash
20%
Running Squash
20%
Forehand or backhand are terms used Squash
20%
Poonah Badminton
0%
Cucurbita Squash
0%
No matching quizzes found
Score Distribution
Percent of People with Each Score
Percentile by Number Answered
Your Score History
You have not taken this quiz since the last reset